[Event "Ron Banwell Memorial"]
[Site "Coulsdon"]
[Date "2002.08.24"]
[Round "8"]
[White "Barlow, Bertrand"]
[Black "Bigg, Andrew J"]
[Result "0-1"]
[WhiteElo "2071"]
[BlackElo "2248"]
[PlyCount "100"]
[EventDate "2002.08.17"]
[EventType "swiss"]
[EventRounds "10"]
[EventCountry "ENG"]
[SourceTitle "CBM 089 Extra"]
[Source "ChessBase"]
[SourceDate "2002.09.10"]
[SourceVersion "2"]
[SourceVersionDate "2002.09.10"]
[SourceQuality "1"]

1. e4 e6 2. Nf3 d5 3. Nc3 d4 4. Ne2 c5 5. Ng3 Nc6 6. Bc4 Qc7 7. d3 g6 8. h4 h6 9. Bd2 Bd6 10. Rh3 Bd7 11. Qe2 0-0-0 12. a3 e5 13. Rh1 f5 14. 0-0-0 f4 15. Nf1 Nge7 16. g3 fxg3 17. fxg3 a6 18. Kb1 b5 19. Ba2 Qb6 20. Bc1 Kc7 21. N1d2 Rb8 22. Ka1 c4 23. dxc4 b4 24. a4 Na5 25. b3 Nb7 26. Ne1 Nc5 27. Nd3 Rbf8 28. Rdf1 a5 29. Rxf8 Rxf8 30. h5 g5 31. g4 Qb8 32. Nf1 Nxe4 33. c5 Nxc5 34. Nxc5 Bxc5 35. Qxe5+ Kb6 36. Qg7 Rh8 37. Nd2 Qf8 38. Qe5 Nc6 39. Nc4+ Ka6 40. Qe2 Qe7 41. Qd3 Qh7 42. Qf1 Rf8 43. Qe2 d3 44. cxd3 Rf2 45. Qd1 Nd4 46. Bd2 Qxd3 47. Re1 Nc2+ 48. Kb2 Nxe1 49. Qxe1 Bd4+ 50. Kc1 Rf1 0-1

[Event "Ron Banwell Memorial"]
[Site "Coulsdon"]
[Date "2002.08.19"]
[Round "3"]
[White "Barlow, Bertrand"]
[Black "Taylor, Martin R"]
[Result "0-1"]
[WhiteElo "2071"]
[BlackElo "2255"]
[PlyCount "130"]
[EventDate "2002.08.17"]
[EventType "swiss"]
[EventRounds "10"]
[EventCountry "ENG"]
[SourceTitle "CBM 089 Extra"]
[Source "ChessBase"]
[SourceDate "2002.09.10"]
[SourceVersion "2"]
[SourceVersionDate "2002.09.10"]
[SourceQuality "1"]

1. e4 e5 2. Nf3 Nc6 3. Bc4 Bc5 4. d4 exd4 5. 0-0 d6 6. c3 Nf6 7. cxd4 Bb6 8. d5 Ne7 9. Nc3 0-0 10. Nd4 a6 11. Kh1 Re8 12. f3 c6 13. dxc6 bxc6 14. Bg5 d5 15. exd5 cxd5 16. Bb3 Qd6 17. Ba4 Rd8 18. Qd2 Bd7 19. Bxd7 Rxd7 20. Rad1 Rc8 21. a3 Rc4 22. Nce2 Ne8 23. Bf4 Qg6 24. b3 Rc8 25. Rc1 Bc5 26. b4 Bd6 27. Rxc8 Nxc8 28. Rc1 Rc7 29. Rxc7 Nxc7 30. Qc1 Nb6 31. Bxd6 Qxd6 32. Qc5 Qxc5 33. bxc5 Na4 34. c6 Kf8 35. Kg1 g6 36. Kf2 Ke7 37. Ke3 Kd6 38. Kd3 Nb2+ 39. Kc3 Nc4 40. Kb4 Ne5 41. f4 Nxc6+ 42. Nxc6 Kxc6 43. f5 gxf5 44. Nd4+ Kb6 45. Nxf5 a5+ 46. Kc3 Kc5 47. a4 Ne6 48. g3 d4+ 49. Kd3 Kb4 50. Nd6 Kxa4 51. Kc4 Ka3 52. Nxf7 Kb2 53. Ne5 Kc2 54. Nd3 a4 55. Nb4+ Kd2 56. g4 Ke3 57. h4 Kf3 58. g5 Kg4 59. Nd3 Kxh4 60. Kb4 Nxg5 61. Kxa4 Kg3 62. Ne5 h5 63. Ng6 h4 64. Nxh4 Kxh4 65. Kb4 Ne6 0-1

[Event "Hampstead IM-B 5th"]
[Site "Hampstead"]
[Date "1999.04.12"]
[Round "6"]
[White "Barlow, Bertrand"]
[Black "Compton, Alistair"]
[Result "0-1"]
[WhiteElo "2110"]
[BlackElo "2035"]
[PlyCount "96"]
[EventDate "1999.04.??"]
[EventType "tourn"]
[EventRounds "9"]
[EventCountry "ENG"]
[EventCategory "1"]
[SourceTitle "CBM 070 Extra"]
[Source "ChessBase"]
[SourceDate "1999.07.10"]
[SourceVersion "1"]
[SourceVersionDate "1999.07.10"]
[SourceQuality "1"]

1. e4 e6 2. d4 d5 3. Nd2 Nf6 4. e5 Nfd7 5. Bd3 c5 6. c3 Nc6 7. Ngf3 Qb6 8. 0-0 g6 9. dxc5 Qc7 10. Nb3 Bg7 11. Nbd4 a6 12. b4 Ndxe5 13. Nxe5 Bxe5 14. f4 Bg7 15. Be3 0-0 16. a4 Bd7 17. b5 Na5 18. b6 Qxc5 19. Nf5 Qxc3 20. Rc1 Qb3 21. Nxg7 Qxd1 22. Rfxd1 Kxg7 23. Rc7 Bc6 24. Bd4+ Kg8 25. Bxg6 hxg6 26. Bf6 Kh7 27. Rd3 g5 28. fxg5 Kg6 29. Rh3 Kf5 30. Rf3+ Ke4 31. Bg7 d4 32. Bxf8 Rxf8 33. Rcxf7 Rg8 34. R3f4+ Ke3 35. R4f6 Rxg5 36. Rxe6+ Kd2 37. Rf2+ Kc3 38. Re1 Nb3 39. h4 Rh5 40. g3 d3 41. Rf4 Rd5 42. Re3 Rd4 43. Kf2 Kc2 44. h5 d2 45. Re2 Rxf4+ 46. gxf4 Nd4 47. Rxd2+ Kxd2 48. h6 Be4 0-1

[Event "Hampstead IM-B 5th"]
[Site "Hampstead"]
[Date "1999.04.10"]
[Round "4"]
[White "Barlow, Bertrand"]
[Black "Houska, Jovanka"]
[Result "0-1"]
[WhiteElo "2110"]
[BlackElo "2286"]
[PlyCount "134"]
[EventDate "1999.04.??"]
[EventType "tourn"]
[EventRounds "9"]
[EventCountry "ENG"]
[EventCategory "1"]
[SourceTitle "CBM 070 Extra"]
[Source "ChessBase"]
[SourceDate "1999.07.10"]
[SourceVersion "1"]
[SourceVersionDate "1999.07.10"]
[SourceQuality "1"]

1. e4 d5 2. exd5 Qxd5 3. Nc3 Qa5 4. d4 Nf6 5. Nf3 c6 6. Bd3 Bg4 7. h3 Bh5 8. Bd2 Qc7 9. Qe2 Nbd7 10. 0-0-0 e6 11. Kb1 Bd6 12. Rhe1 0-0-0 13. Ne4 Nxe4 14. Bxe4 Nf6 15. Bg5 Qb6 16. Bxf6 gxf6 17. g4 Bg6 18. Rd3 f5 19. Rb3 Qa5 20. Bd3 fxg4 21. hxg4 Rhg8 22. Nd2 Bf4 23. Nc4 Qg5 24. Bxg6 Rxg6 25. Qe4 Bc7 26. Ne3 Rf6 27. Qxh7 Rxf2 28. Rd3 Qf4 29. Red1 Rh2 30. Qg7 Re2 31. Nc4 Qf2 32. Na3 Bd6 33. d5 Bxa3 34. Rxa3 exd5 35. Qc3 Re4 36. Qf3 Re1 37. Kc1 Rxd1+ 38. Kxd1 Qg1+ 39. Kd2 Re8 40. Qf5+ Kb8 41. Qf4+ Kc8 42. Rf3 Qe1+ 43. Kd3 Qe2+ 44. Kc3 Qe1+ 45. Kb3 Re4 46. Qf5+ Kb8 47. a3 Re3+ 48. Ka2 Rxf3 49. Qxf3 Qe6 50. Qf4+ Kc8 51. b3 Qe4 52. Qxf7 Qxc2+ 53. Ka1 Qd1+ 54. Kb2 Qe2+ 55. Kc3 Qxg4 56. Qe8+ Kc7 57. Qe7+ Kb6 58. Qd8+ Ka6 59. b4 Qc4+ 60. Kb2 b6 61. Qc8+ Kb5 62. Qa8 a6 63. Qf8 Qe2+ 64. Kb3 Qd3+ 65. Kb2 Ka4 66. b5 Qd2+ 67. Kb1 axb5 0-1